| 000 | 00719nam a2200229 i 4500 | ||
|---|---|---|---|
| 001 | bg | ||
| 100 | 1 | _aWARCHALA, Tadeusz | |
| 245 | 0 | 0 |
_aMetalurgia i odlewnictwo. _nCz. 2, _pTechnologia żeliwa / _cTadeusz Warchala ; Politechnika Częstochowska. |
| 260 |
_aCzęstochowa : _bWydaw. PC, _c1995. |
||
| 300 |
_a256, [1] s., [1] k.tabl. : _brys., wykr. ; _c24 cm. |
||
| 500 | _aCz. 1 pt. : Metalurgia i odlewnictwo żeliwa. | ||
| 504 | _aBibliogr. s. 252-[257]. | ||
| 650 | 9 | _aŻeliwo | |
| 655 | _aPodręczniki akademickie | ||
| 020 | _a8385031464 (cz.2) | ||
| 040 | _cBPK | ||
| 041 | 0 | _apol | |
| 080 | _a669.1(075.8) | ||
| 920 | _a83-85031-46-4 (cz.2) | ||
| 942 | _cKS | ||
| 008 | s pl f |000 0 pol | ||
| 999 |
_c7008 _d7008 |
||
| 856 |
_uhttp://koha.tu.koszalin.pl/cgi-bin/koha/opac-detail.pl?biblionumber=7008 _yKatalog online BPK |
||